Sociología : nueva versión revisada y ampliada /

Guardado en:
Autor Principal: Giner, Salvador
Formato: Desconocido
Idioma:Spanish
Publicado: Barcelona : Península, 1974
Edición:5a. ed.
Series:Ediciones de bolsillo 128
Materias:
Etiquetas: Agregar Etiqueta
Sin Etiquetas, Sea el primero en etiquetar este registro!
LEADER 00501nac a22001695a 4500
001 DER.der001562
008 180615s1974####|||||||||||||||||#||spa||
005 20241211140225.0
245 1 0 |a Sociología :  |b nueva versión revisada y ampliada /  |c Salvador Giner. 
250 |a 5a. ed. 
260 |a Barcelona :  |b Península,  |c 1974 
300 |a 268 p. 
440 0 |a Ediciones de bolsillo  |v 128 
020 |a 842970924X 
100 1 |a Giner, Salvador 
650 7 |a SOCIOLOGIA 
859 |a DERECHO  |b BIB. DERECHO  |h 303.66  |i GIN  |p 003623